LIBRARY & INFORMATION CENTRE, KCAET, TAVANUR

ONLINE PUBLIC ACCESS CATALOGUE (OPAC)

Normal view MARC view
  • AFEEFA ABBAS M.V

Entry Personal Name

Number of records used in: 1

001 - CONTROL NUMBER

  • control field: 5497

003 - CONTROL NUMBER IDENTIFIER

  • control field: OSt

005 - DATE AND TIME OF LATEST TRANSACTION

  • control field: 20230624145705.0

008 - FIXED-LENGTH DATA ELEMENTS

  • fixed length control field: 230624|| aca||aabn | a|a d

040 ## - CATALOGING SOURCE

  • Original cataloging agency: OSt
  • Transcribing agency: OSt

100 ## - HEADING--PERSONAL NAME

  • Personal name: AFEEFA ABBAS M.V
  • Personal name: AMRUTHA K V
  • Personal name: CHRISWIN.A P
  • Personal name: GAGAN BHARADWAJ.K

670 ## - SOURCE DATA FOUND

  • Source citation: Work cat.: (OSt)17719: AFEEFA ABBAS M.V AMRUTHA K V CHRISWIN.A P GAGAN BHARADWAJ.K, EFFECTS OF TILLAGE ON SOIL PHYSICAL PROPERTES IN LATERITE SOIL, 2023
free website counter